000 00782nam a2200133Ia 4500
008 220615s9999||||xx |||||||||||||| ||und||
020 _a9782890000000
245 0 _aRecent Advances and Applications of Seismic Isolation and Energy Dissipation Devices
546 _aEnglish[eng]
650 _aseismic base isolation||energy dissipation devices||tuned mass damper||performance-based seismic engineering||reliability-based design||dampers||damper optimization||earthquake-resistant structures
700 _aDe Domenico, Dario||Tubaldi, Enrico||Takewaki, Izuru||Karavasilis, Theodore||Dall’Asta, Andrea||Lavan, Oren
856 _uhttps://www.frontiersin.org/research-topics/9495/recent-advances-and-applications-of-seismic-isolation-and-energy-dissipation-devices
942 _cEB
999 _c12178
_d12178